| 000 | 00494nam a22001817a 4500 | ||
|---|---|---|---|
| 003 | OSt | ||
| 005 | 20170920102339.0 | ||
| 008 | 170920b xxu||||| |||| 00| 0 eng d | ||
| 020 | _a978-84-945437-6-0 | ||
| 040 | _cCRI | ||
| 082 | _a823 | ||
| 100 | 1 |
_926271 _aDoyle, Arthur Conan |
|
| 245 |
_aA study in scarlet _cArthur Conan Doyle |
||
| 260 |
_aBarcelona (España) _bPlutón Ediciones _c2016 |
||
| 300 |
_a126 p. _c19 cm |
||
| 650 | 0 |
_911162 _aNovela inglesa |
|
| 942 |
_2ddc _cBK _hprozim |
||
| 999 |
_c28384 _d28384 |
||